00472nam a2200133Ia 4500008004100000100002100041245008200062245005500144260003900199260000900238650001800247650001500265856005800280170221s9999 xx 000 0 und d aHemda Ben-Yehuda aCrises Press Coverage: Local & Foreign Reporting on the Arab-Israel Conflict  cHemda Ben-Yehuda, Chanan Naveh, Luba Levin-Banchik bStudies in Media and Communication c2016 xCommunication xMedia Arts uhttp://redfame.com/journal/index.php/smc/issue/view/7